| 000 | 00577nam a22001937a 4500 | ||
|---|---|---|---|
| 005 | 20251108165322.0 | ||
| 008 | 250721s1978 xx 000 0 ara d | ||
| 082 | 1 | 4 | _a960/فوت |
| 100 | 1 | _aفوتييه، كلود | |
| 245 | 1 | 0 | _aإفؤيقيا للإفريقيين / |
| 264 | 1 |
_aالقاهرة : _bدار المعارف، _c1978. |
|
| 300 | _a304ص | ||
| 490 | 0 | _aالمكتبة الإفريقية ؛ 1 | |
| 650 | 1 | 7 | _aإفريقيا |
| 650 | 1 | 7 | _aتاريخ إفريقيا |
| 700 | 1 |
_aيونس، أحمد كمال _eترجمة |
|
| 942 |
_2ddc _cBK |
||
| 999 |
_c24952 _d24952 |
||